Estructura económica del turismo (Registro nro. 6733)
[ vista simple ]
| 000 -CABECERA | |
|---|---|
| campo de control de longitud fija | 01032aam a2200349 4500 |
| 005 - FECHA Y HORA DE ACTUALIZACIÓN | |
| campo de control | 20170209152719.0 |
| 008 - LONGITUD FIJA | |
| campo de control de longitud fija | 150728b xxu||||| |||| 00| 0 spa d |
| 041 ## - IDIOMA | |
| Código de idioma del texto/pista de sonido o título separado | |
| 082 ## - CLASIFICACIÓN DECIMAL DEWEY | |
| Número de clasificación | 1.10.6 S127e |
| 100 ## - AUTOR PERSONAL | |
| Nombre de persona | Sáez, Antonia |
| 100 ## - AUTOR PERSONAL | |
| Nombre de persona | Martín, Pablo |
| 100 ## - AUTOR PERSONAL | |
| Nombre de persona | Pulido, Juan Ignacio |
| 245 ## - TÍTULO PROPIAMENTE DICHO | |
| Título | Estructura económica del turismo |
| 260 ## - PIE DE IMPRENTA | |
| Lugar de publicación, distribución, etc. | España |
| 260 ## - PIE DE IMPRENTA | |
| Nombre del editor, distribuidor, etc. | Síntesis |
| 260 ## - PIE DE IMPRENTA | |
| Fecha de publicación, distribución, etc. | 2006 |
| 300 ## - DESCRIPCIÓN FÍSICA | |
| Extensión | 509 páginas |
| 650 ## - Materia General | |
| Materia general | ECONOMÍA TURÍSTICA |
| 650 ## - Materia General | |
| Materia general | ACTIVIDAD TURÍSTICA |
| 650 ## - Materia General | |
| Materia general | TURISMO INTERNACIONAL |
| 650 ## - Materia General | |
| Materia general | TURISMO |
| 650 ## - Materia General | |
| Materia general | DESARROLLO ECONÓMICO |
| 650 ## - Materia General | |
| Materia general | MERCADO DE TRABAJO |
| 650 ## - Materia General | |
| Materia general | MERCADOS TURÍSTICOS |
| 650 ## - Materia General | |
| Materia general | OFERTA TURÍSTICA |
| 650 ## - Materia General | |
| Materia general | DEMANDA TURÍSTICA |
| 650 ## - Materia General | |
| Materia general | SERVICIOS TURÍSTICOS |
| 650 ## - Materia General | |
| Materia general | COMPETITIVIDAD TURÍSTICA |
| 650 ## - Materia General | |
| Materia general | TURISMO SOSTENIBLE |
| 650 ## - Materia General | |
| Materia general | POLÍTICA TURÍSTICA |
| 942 ## - Punto de Acceso Adicional Koha | |
| Tipo de ítem Koha | Libro |
| Estado perdido | Estado dañado | No para préstamo | Biblioteca permanente | Biblioteca actual | Signatura completa | Código de barras | Precio efectivo a partir del | Tipo de ítem |
|---|---|---|---|---|---|---|---|---|
| Departamento de Biblioteca y Documentación Alfonso Chase Brenes | Departamento de Biblioteca y Documentación Alfonso Chase Brenes | 1.10.6 S127e | 11987 | 09/02/2017 | Libro | |||
| Departamento de Biblioteca y Documentación Alfonso Chase Brenes | Departamento de Biblioteca y Documentación Alfonso Chase Brenes | 1.10.6 S127e | 14711 | 09/02/2017 | Libro |